000
00337nam a2200145Ia 4500
008
230718s9999 xx 000 0 und d
041
_a
Eng.
082
_a
301
_b
SHA-M
100
_a
Shaping, Eduard
245
0
_a
Machselmomics Analysis
260
_a
Pakistan
_b
Orford Science Pub
_c
2001
300
_a
632
650
_a
Law
999
_c
26756
_d
26756